Costing energy efficient improvements in existing commercial buildings (Record no. 84286)
[ view plain ]
| 000 -LEADER | |
|---|---|
| fixed length control field | 01323cad a22002175a 4500 |
| 001 - CONTROL NUMBER | |
| control field | L157187 |
| 008 - FIXED-LENGTH DATA ELEMENTS--GENERAL INFORMATION | |
| fixed length control field | 120914s2012 xxk 000 0 eng d |
| 035 ## - SYSTEM CONTROL NUMBER | |
| System control number | (Sirsi) u157187 |
| 041 0# - LANGUAGE CODE | |
| Language code of text/sound track or separate title | eng |
| 110 2# - MAIN ENTRY--CORPORATE NAME | |
| Corporate name or jurisdiction name as entry element | Investment Property Forum |
| 9 (RLIN) | 2112 |
| 245 00 - TITLE STATEMENT | |
| Title | Costing energy efficient improvements in existing commercial buildings |
| Remainder of title | summary - July 2012 |
| 260 ## - PUBLICATION, DISTRIBUTION, ETC. | |
| Place of publication, distribution, etc. | London |
| Name of publisher, distributor, etc. | IPF |
| Date of publication, distribution, etc. | 2012 |
| 520 ## - SUMMARY, ETC. | |
| Summary, etc. | Updating a January 2009 report, this research demonstrates that a business case remains for taking action to improve energy performance in existing commercial buildings. The Energy Performance Certificate (EPC) rating for an office, retail building or industrial/warehouse building can be improved cost effectively by either specifying more energy efficient building services when undertaking a refurbishment project or through ad hoc improvements when the building is wholly or partly occupied. Covers energy, CO2 and commercial buildings, the building selection methodology, and energy efficiency quick wins. |
| 590 ## - LOCAL NOTE (RLIN) | |
| Local note | NTK KA |
| 651 #4 - SUBJECT ADDED ENTRY--GEOGRAPHIC NAME | |
| Geographic name | United Kingdom |
| 690 ## - LOCAL SUBJECT ADDED ENTRY--TOPICAL TERM (OCLC, RLIN) | |
| Topical term or geographic name as entry element | Commercial property |
| 9 (RLIN) | 6227 |
| 690 ## - LOCAL SUBJECT ADDED ENTRY--TOPICAL TERM (OCLC, RLIN) | |
| Topical term or geographic name as entry element | Refurbishment |
| 9 (RLIN) | 6264 |
| 690 ## - LOCAL SUBJECT ADDED ENTRY--TOPICAL TERM (OCLC, RLIN) | |
| Topical term or geographic name as entry element | Energy |
| 9 (RLIN) | 6237 |
| 856 40 - ELECTRONIC LOCATION AND ACCESS | |
| Uniform Resource Identifier | <a href="https://www.ipf.org.uk/home/research/research_archive/default.aspx">https://www.ipf.org.uk/home/research/research_archive/default.aspx</a> |
| Public note | View the research in the Summaries Folder at www.ipf.org.uk |
| 942 ## - ADDED ENTRY ELEMENTS (KOHA) | |
| Suppress in OPAC | 0 |
| Withdrawn status | Lost status | Source of classification or shelving scheme | Damaged status | Not for loan | Home library | Current library | Shelving location | Date acquired | Total Checkouts | Full call number | Barcode | Date last seen | Copy number | Price effective from | Koha item type |
|---|---|---|---|---|---|---|---|---|---|---|---|---|---|---|---|
| Dewey Decimal Classification | Virtual | Virtual | Online | 15/09/2012 | ONLINE PUBLICATION | 157187-2001 | 06/08/2019 | 1 | 06/08/2019 | Book |